000 00313nam a2200121 i 4500
001 bg
245 0 _aZbiór zadań z wytrzymałości materiałów i mechaniki konstrukcji :
_bpraca zbiorowa.
260 _aKielce,
_c1983.
040 _cBPK
041 _apol
942 _cKS
008 s pl f |000 0 pol
999 _c927
_d927
856 _uhttp://koha.tu.koszalin.pl/cgi-bin/koha/opac-detail.pl?biblionumber=927
_yKatalog online BPK